000 01074nam a22002657a 4500
005 20090627144524.0
008 090627t xxu||||| |||| 00| 0 eng d
010 _aENG-94274
020 _a8183242979
_c550.00
020 _a9788183242974
_c550.00
035 _aEN-77807
037 _bDBAD / PUB
040 _adpl
_bEnglish
082 _a336.27140954
245 _aValue added tax in North-East India:
_c[edited by] Ram Krishna Mandal.
_bissues and strategies /
260 _aNew Delhi
_bMittal Publications
_c2009
270 _a4594/9, Daryaganj,
_bNew Delhi
_e110002
300 _axvi, 207p.
_c23cm(Hb)
500 _aIncludes index
520 _aPapers presented at a seminar held at Itanagar during 15-16 February 2008.
650 _a Value-added tax
_zIndia, Northeastern
700 _a Mandal, Ramkrishna,
_d1966-
942 _2ddc
_cEN
_mMAN
_h336.27140954
999 _c27943
_d27943